[Event "American Continental Rapid 18th"]
[Site "Medellin"]
[Date "2024.06.01"]
[Round "7"]
[White "Ramirez Goyeneche, Carlos Alvaro"]
[Black "Cardenas Huachaca, Alessandro Jair"]
[Result "1-0"]
[WhiteElo "1762"]
[BlackElo "1693"]
[PlyCount "113"]
[EventDate "2024.06.01"]
[EventType "swiss (rapid)"]
[EventRounds "9"]
[EventCountry "COL"]
[SourceTitle "CBM 220 Extra"]
[Source "ChessBase"]
[SourceDate "2024.07.31"]
[SourceVersion "1"]
[SourceVersionDate "2024.07.31"]
[SourceQuality "1"]

1. e4 c5 2. b4 cxb4 3. a3 bxa3 4. Bxa3 d6 5. d4 g6 6. f4 Bg7 7. Nf3 Nf6 8. Bd3 0-0 9. c3 Nc6 10. e5 Nd5 11. Qd2 dxe5 12. fxe5 b6 13. 0-0 Na5 14. Qa2 Ne3 15. Re1 Be6 16. Qf2 Nec4 17. Ng5 Qd7 18. Qe2 Rac8 19. Bb4 Rfd8 20. Nxe6 Qxe6 21. Na3 Nxa3 22. Rxa3 Nc6 23. Bc4 Nxd4 24. Bxe6 Nxe2+ 25. Rxe2 fxe6 26. Rxa7 Rd5 27. Rxe7 Rxe5 28. Rxg7+ Kxg7 29. Rxe5 Kf6 30. Rb5 Rc6 31. Kf2 h5 32. Ke3 g5 33. Kd3 Kg6 34. c4 Kf6 35. Bc3+ Kg6 36. Bd4 Rc8 37. Rxb6 Kf5 38. Rb5+ Kg4 39. Re5 Rc6 40. Be3 Rd6+ 41. Ke4 Kh4 42. Bxg5+ Kg4 43. Be3 Rc6 44. c5 Rc8 45. Bf4 Rg8 46. Rxe6 Kh4 47. Bg3+ Kg4 48. c6 h4 49. Bd6 h3 50. gxh3+ Kxh3 51. c7 Rg4+ 52. Kd5 Rg8 53. Kc6 Kg4 54. Be7 Kf5 55. Re2 Rg6+ 56. Kb7 Rg8 57. Bd8 1-0

[Event "American Continental Blitz 18th"]
[Site "Medellin"]
[Date "2024.05.29"]
[Round "2"]
[White "Jimenez Garcia, Emanuel"]
[Black "Ramirez Goyeneche, Carlos Alvaro"]
[Result "1-0"]
[WhiteElo "2387"]
[BlackElo "1762"]
[PlyCount "41"]
[EventDate "2024.05.29"]
[EventType "swiss (blitz)"]
[EventRounds "9"]
[EventCountry "COL"]
[SourceTitle "CBM 220 Extra"]
[Source "ChessBase"]
[SourceDate "2024.07.31"]
[SourceVersion "1"]
[SourceVersionDate "2024.07.31"]
[SourceQuality "1"]

1. Nf3 d5 2. g3 c5 3. Bg2 Nc6 4. d4 Bg4 5. Ne5 Nxe5 6. dxe5 e6 7. c4 Ne7 8. Nc3 d4 9. Bxb7 dxc3 10. Qa4+ Qd7 11. Qxd7+ Kxd7 12. Bxa8 cxb2 13. Bxb2 Nc6 14. f3 Bf5 15. 0-0-0+ Kc7 16. Bxc6 Kxc6 17. Rd8 Kc7 18. Rhd1 g5 19. R1d7+ Kc6 20. Rxf7 Bg7 21. Rd6# 1-0